书目信息 |
| 题名: |
新视野大学英语
|
|
| 作者: | 郑树棠 总主编 ;胡开宝 , 吴勇 主编 | |
| 分册: | 4 泛读教程 | |
| 出版信息: | 北京 外语教学与研究出版社 2008.06 |
|
| 页数: | 206页 | |
| 开本: | 26cm | |
| 丛书名: | ||
| 单 册: | ||
| 中图分类: | H31 , H319.4 | |
| 科图分类: | ||
| 主题词: | 英语--高等学校--教材 , 英语--阅读教学--高等学校--教材 | |
| 电子资源: | ||
| ISBN: | 978-7-5600-7316-3 | |
| 000 | 01193nam0 2200313 450 | |
| 001 | 004239326 | |
| 005 | 20100817101555.92 | |
| 010 | @a978-7-5600-7316-3@dCNY19.90 | |
| 090 | @aH31@bzst | |
| 100 | @a20100515d2008 em y0chiy50 ea | |
| 101 | 0 | @achi@aeng |
| 102 | @aCN@b110000 | |
| 105 | @ay z 000yy | |
| 200 | 1 | @a新视野大学英语@Axin shi ye da xue ying yu@i泛读教程@h4@d= New horizon college English@iExtensive reading@f郑树棠总主编@Fzheng shu tang zong zhu bian@g胡开宝, 吴勇主编@Ghu kai bao,wu yong zhu bian@zeng |
| 205 | @a第2版 | |
| 210 | @a北京@c外语教学与研究出版社@d2008.06 | |
| 215 | @a206页@d26cm | |
| 300 | @a普通高等教育“十一五”国家级规划教材 | |
| 330 | @a本书包括10单元,每单元包括三篇文章,每篇文章均配有相关练习,具体有:Preview、Reading Skills、Reading and Discussion、Translation等。 | |
| 510 | 1 | @a New horizon college English@iExtensive reading@h4@zeng |
| 606 | 0 | @a英语@x高等学校@j教材 |
| 606 | 0 | @a英语@x阅读教学@x高等学校@j教材 |
| 690 | @aH31@v4 | |
| 690 | @aH319.4@v4 | |
| 701 | 0 | @a郑树棠@Azheng shu tang@4总主编 |
| 702 | 0 | @a胡开宝@Ahu kai bao@4主编 |
| 702 | 0 | @a吴勇@Awu yong@4主编 |
| 801 | @c20100515 | |
| 905 | @dH31@eZ4451-4=2:4@f5 | |
| 新视野大学英语.泛读教程.4= New horizon college English.Extensive reading/郑树棠总主编/胡开宝, 吴勇主编.-第2版.-北京:外语教学与研究出版社,2008.06 |
| 206页;26cm |
| 普通高等教育“十一五”国家级规划教材 |
| ISBN 978-7-5600-7316-3:CNY19.90 |
| 本书包括10单元,每单元包括三篇文章,每篇文章均配有相关练习,具体有:Preview、Reading Skills、Reading and Discussion、Translation等。 |
| ● |
| 相关链接 |
|
|
|
正题名:新视野大学英语
索取号:H31/Z4451-4=2:4
 
预约/预借
| 序号 | 登录号 | 条形码 | 馆藏地/架位号 | 状态 | 备注 |
| 1 | 1031383 | 210313837 | 语言库209/209语言库 91排2列2层/ [索取号:H31/Z4451-4=2:4] | 在馆 | |
| 2 | 1031384 | 210313846 | 语言库209/209语言库 91排2列2层/ [索取号:H31/Z4451-4=2:4] | 在馆 | |
| 3 | 1031385 | 210313855 | 语言库209/209语言库 91排2列2层/ [索取号:H31/Z4451-4=2:4] | 在馆 | |
| 4 | 1031386 | 210313864 | 语言库209/209语言库 91排2列2层/ [索取号:H31/Z4451-4=2:4] | 在馆 | |
| 5 | 1031387 | 210313873 | 语言库209/209语言库 91排2列2层/ [索取号:H31/Z4451-4=2:4] | 在馆 |